|
|
|
|
| LEADER |
01004nam a22002892a 4500 |
| 001 |
000261273 |
| 003 |
CZ BrMZK |
| 005 |
20090722131640.0 |
| 007 |
ta |
| 008 |
010907s1985 xr f 000 0 cze d |
| 040 |
|
|
|a BOA001
|b cze
|
| 080 |
9 |
|
|a 82-1
|
| 080 |
9 |
|
|a 398.8
|
| 080 |
9 |
|
|a 331
|
| 100 |
1 |
|
|a Rzounek, Vítězslav,
|d 1921-2001
|7 jk01103438
|4 com
|
| 245 |
1 |
0 |
|a Dělnické písně a dělnická poezie :
|b 1858-1948 /
|c sestavil Vítězslav Rzounek
|
| 250 |
|
|
|a 1. vyd.
|
| 260 |
|
|
|a Praha :
|b Práce,
|c 1985
|
| 300 |
|
|
|a 243 s.
|
| 490 |
1 |
|
|a Na pomoc kulturně výchovné činnosti ROH. Klub ;
|v sv. 7
|
| 830 |
|
0 |
|a Na pomoc kulturně výchovné činnosti ROH.
|p Klub
|
| 910 |
|
|
|a BOA001
|b PK-0100.620
|b 2-0898.449
|
| 964 |
|
|
|a Poezie dělnická
|
| 964 |
|
|
|a Písně dělnické
|
| 990 |
|
|
|a BK
|
| 996 |
7 |
|
|b 2619323494
|c 2-0898.449
|l MZK
|r Sklad / do 1 hodiny
|n 1
|w 000261273
|u 000020
|a 1
|e BOA001
|j MZK50
|s A
|
| 996 |
7 |
|
|b 3119915140
|c PK-0100.620
|l MZK
|r Sklad / do 1 hodiny
|n 4
|w 000261273
|u 000010
|a 1
|e BOA001
|j MZK50
|s A
|